<?xml version="1.0" encoding="UTF-8"?>
<collection xmlns="http://www.loc.gov/MARC21/slim">
<record>
  <controlfield tag="001">50104</controlfield>
  <controlfield tag="005">20230317124031.0</controlfield>
  <datafield tag="024" ind1="7" ind2=" ">
    <subfield code="a">10.1038/nphys2439</subfield>
    <subfield code="2">doi</subfield>
  </datafield>
  <datafield tag="024" ind1="7" ind2=" ">
    <subfield code="a">1745-2473</subfield>
    <subfield code="2">ISSN</subfield>
  </datafield>
  <datafield tag="024" ind1="7" ind2=" ">
    <subfield code="a">1745-2481</subfield>
    <subfield code="2">ISSN</subfield>
  </datafield>
  <datafield tag="024" ind1="7" ind2=" ">
    <subfield code="a">altmetric:986624</subfield>
    <subfield code="2">altmetric</subfield>
  </datafield>
  <datafield tag="024" ind1="7" ind2=" ">
    <subfield code="a">WOS:000310836700018</subfield>
    <subfield code="2">WOS</subfield>
  </datafield>
  <datafield tag="037" ind1=" " ind2=" ">
    <subfield code="a">GSI-2013-01731</subfield>
  </datafield>
  <datafield tag="041" ind1=" " ind2=" ">
    <subfield code="a">English</subfield>
  </datafield>
  <datafield tag="082" ind1=" " ind2=" ">
    <subfield code="a">530</subfield>
  </datafield>
  <datafield tag="100" ind1="1" ind2=" ">
    <subfield code="a">Dromey, B.</subfield>
    <subfield code="0">P:(DE-HGF)0</subfield>
    <subfield code="b">0</subfield>
    <subfield code="e">Corresponding author</subfield>
  </datafield>
  <datafield tag="245" ind1=" " ind2=" ">
    <subfield code="a">Coherent synchrotron emission from electron nanobunches formed in relativistic laser–plasma interactions</subfield>
  </datafield>
  <datafield tag="260" ind1=" " ind2=" ">
    <subfield code="a">Basingstoke</subfield>
    <subfield code="c">2012</subfield>
    <subfield code="b">Nature Publishing Group</subfield>
  </datafield>
  <datafield tag="336" ind1="7" ind2=" ">
    <subfield code="a">Journal Article</subfield>
    <subfield code="b">journal</subfield>
    <subfield code="m">journal</subfield>
    <subfield code="0">PUB:(DE-HGF)16</subfield>
    <subfield code="s">1365596677_22599</subfield>
    <subfield code="2">PUB:(DE-HGF)</subfield>
  </datafield>
  <datafield tag="336" ind1="7" ind2=" ">
    <subfield code="a">article</subfield>
    <subfield code="2">DRIVER</subfield>
  </datafield>
  <datafield tag="336" ind1="7" ind2=" ">
    <subfield code="a">ARTICLE</subfield>
    <subfield code="2">BibTeX</subfield>
  </datafield>
  <datafield tag="336" ind1="7" ind2=" ">
    <subfield code="a">Journal Article</subfield>
    <subfield code="0">0</subfield>
    <subfield code="2">EndNote</subfield>
  </datafield>
  <datafield tag="536" ind1=" " ind2=" ">
    <subfield code="a">544 - In-house Research with PNI (POF2-544)</subfield>
    <subfield code="0">G:(DE-HGF)POF2-544</subfield>
    <subfield code="c">POF2-544</subfield>
    <subfield code="x">0</subfield>
    <subfield code="f">POF II</subfield>
  </datafield>
  <datafield tag="588" ind1=" " ind2=" ">
    <subfield code="a">Dataset connected to CrossRef, repository.gsi.de</subfield>
  </datafield>
  <datafield tag="700" ind1="1" ind2=" ">
    <subfield code="a">Rykovanov, S.</subfield>
    <subfield code="0">P:(DE-HGF)0</subfield>
    <subfield code="b">1</subfield>
  </datafield>
  <datafield tag="700" ind1="1" ind2=" ">
    <subfield code="a">Yeung, M.</subfield>
    <subfield code="0">P:(DE-HGF)0</subfield>
    <subfield code="b">2</subfield>
  </datafield>
  <datafield tag="700" ind1="1" ind2=" ">
    <subfield code="a">Hörlein, R.</subfield>
    <subfield code="0">P:(DE-HGF)0</subfield>
    <subfield code="b">3</subfield>
  </datafield>
  <datafield tag="700" ind1="1" ind2=" ">
    <subfield code="a">Jung, D.</subfield>
    <subfield code="0">P:(DE-HGF)0</subfield>
    <subfield code="b">4</subfield>
  </datafield>
  <datafield tag="700" ind1="1" ind2=" ">
    <subfield code="a">Gautier, D. C.</subfield>
    <subfield code="0">P:(DE-HGF)0</subfield>
    <subfield code="b">5</subfield>
  </datafield>
  <datafield tag="700" ind1="1" ind2=" ">
    <subfield code="a">Dzelzainis, T.</subfield>
    <subfield code="0">P:(DE-HGF)0</subfield>
    <subfield code="b">6</subfield>
  </datafield>
  <datafield tag="700" ind1="1" ind2=" ">
    <subfield code="a">Kiefer, D.</subfield>
    <subfield code="0">P:(DE-HGF)0</subfield>
    <subfield code="b">7</subfield>
  </datafield>
  <datafield tag="700" ind1="1" ind2=" ">
    <subfield code="a">Palaniyppan, S.</subfield>
    <subfield code="0">P:(DE-HGF)0</subfield>
    <subfield code="b">8</subfield>
  </datafield>
  <datafield tag="700" ind1="1" ind2=" ">
    <subfield code="a">Shah, R.</subfield>
    <subfield code="0">P:(DE-HGF)0</subfield>
    <subfield code="b">9</subfield>
  </datafield>
  <datafield tag="700" ind1="1" ind2=" ">
    <subfield code="a">Schreiber, J.</subfield>
    <subfield code="0">P:(DE-HGF)0</subfield>
    <subfield code="b">10</subfield>
  </datafield>
  <datafield tag="700" ind1="1" ind2=" ">
    <subfield code="a">Ruhl, H.</subfield>
    <subfield code="0">P:(DE-HGF)0</subfield>
    <subfield code="b">11</subfield>
  </datafield>
  <datafield tag="700" ind1="1" ind2=" ">
    <subfield code="a">Fernandez, J. C.</subfield>
    <subfield code="0">P:(DE-HGF)0</subfield>
    <subfield code="b">12</subfield>
  </datafield>
  <datafield tag="700" ind1="1" ind2=" ">
    <subfield code="a">Lewis, C. L. S.</subfield>
    <subfield code="0">P:(DE-HGF)0</subfield>
    <subfield code="b">13</subfield>
  </datafield>
  <datafield tag="700" ind1="1" ind2=" ">
    <subfield code="a">Zepf, M.</subfield>
    <subfield code="0">P:(DE-HGF)0</subfield>
    <subfield code="b">14</subfield>
  </datafield>
  <datafield tag="700" ind1="1" ind2=" ">
    <subfield code="a">Hegelich, B. M.</subfield>
    <subfield code="0">P:(DE-HGF)0</subfield>
    <subfield code="b">15</subfield>
  </datafield>
  <datafield tag="773" ind1=" " ind2=" ">
    <subfield code="a">10.1038/nphys2439</subfield>
    <subfield code="g">Vol. 8, no. 11, p. 804 - 808</subfield>
    <subfield code="p">804 - 808</subfield>
    <subfield code="n">11</subfield>
    <subfield code="0">PERI:(DE-600)2206346-8</subfield>
    <subfield code="t">Nature physics</subfield>
    <subfield code="v">8</subfield>
    <subfield code="x">1745-2481</subfield>
  </datafield>
  <datafield tag="909" ind1="C" ind2="O">
    <subfield code="o">oai:repository.gsi.de:50104</subfield>
    <subfield code="p">VDB</subfield>
  </datafield>
  <datafield tag="910" ind1="1" ind2=" ">
    <subfield code="a">External Helmholtz Institute: HIJ</subfield>
    <subfield code="0">I:(DE-Ds200)Ext-HIJ</subfield>
    <subfield code="k">HIJ</subfield>
    <subfield code="b">14</subfield>
    <subfield code="6">P:(DE-HGF)0</subfield>
  </datafield>
  <datafield tag="913" ind1="1" ind2=" ">
    <subfield code="a">DE-HGF</subfield>
    <subfield code="b">Struktur der Materie</subfield>
    <subfield code="1">G:(DE-HGF)POF2-540</subfield>
    <subfield code="0">G:(DE-HGF)POF2-544</subfield>
    <subfield code="2">G:(DE-HGF)POF2-500</subfield>
    <subfield code="v">In-house Research with PNI</subfield>
    <subfield code="x">0</subfield>
    <subfield code="4">G:(DE-HGF)POF</subfield>
    <subfield code="3">G:(DE-HGF)POF2</subfield>
    <subfield code="l">Forschung mit Photonen, Neutronen, Ionen</subfield>
  </datafield>
  <datafield tag="914" ind1="1" ind2=" ">
    <subfield code="y">2012</subfield>
  </datafield>
  <datafield tag="915" ind1=" " ind2=" ">
    <subfield code="a">JCR/ISI refereed</subfield>
    <subfield code="0">StatID:(DE-HGF)0010</subfield>
    <subfield code="2">StatID</subfield>
  </datafield>
  <datafield tag="915" ind1=" " ind2=" ">
    <subfield code="a">JCR</subfield>
    <subfield code="0">StatID:(DE-HGF)0100</subfield>
    <subfield code="2">StatID</subfield>
  </datafield>
  <datafield tag="915" ind1=" " ind2=" ">
    <subfield code="a">WoS</subfield>
    <subfield code="0">StatID:(DE-HGF)0110</subfield>
    <subfield code="2">StatID</subfield>
    <subfield code="b">Science Citation Index</subfield>
  </datafield>
  <datafield tag="915" ind1=" " ind2=" ">
    <subfield code="a">WoS</subfield>
    <subfield code="0">StatID:(DE-HGF)0111</subfield>
    <subfield code="2">StatID</subfield>
    <subfield code="b">Science Citation Index Expanded</subfield>
  </datafield>
  <datafield tag="915" ind1=" " ind2=" ">
    <subfield code="a">DBCoverage</subfield>
    <subfield code="0">StatID:(DE-HGF)0150</subfield>
    <subfield code="2">StatID</subfield>
    <subfield code="b">Web of Science Core Collection</subfield>
  </datafield>
  <datafield tag="915" ind1=" " ind2=" ">
    <subfield code="a">DBCoverage</subfield>
    <subfield code="0">StatID:(DE-HGF)0199</subfield>
    <subfield code="2">StatID</subfield>
    <subfield code="b">Thomson Reuters Master Journal List</subfield>
  </datafield>
  <datafield tag="915" ind1=" " ind2=" ">
    <subfield code="a">DBCoverage</subfield>
    <subfield code="0">StatID:(DE-HGF)0200</subfield>
    <subfield code="2">StatID</subfield>
    <subfield code="b">SCOPUS</subfield>
  </datafield>
  <datafield tag="915" ind1=" " ind2=" ">
    <subfield code="a">DBCoverage</subfield>
    <subfield code="0">StatID:(DE-HGF)0300</subfield>
    <subfield code="2">StatID</subfield>
    <subfield code="b">Medline</subfield>
  </datafield>
  <datafield tag="915" ind1=" " ind2=" ">
    <subfield code="a">Nationallizenz</subfield>
    <subfield code="0">StatID:(DE-HGF)0420</subfield>
    <subfield code="2">StatID</subfield>
  </datafield>
  <datafield tag="915" ind1=" " ind2=" ">
    <subfield code="a">DBCoverage</subfield>
    <subfield code="0">StatID:(DE-HGF)1020</subfield>
    <subfield code="2">StatID</subfield>
    <subfield code="b">Current Contents - Social and Behavioral Sciences</subfield>
  </datafield>
  <datafield tag="920" ind1=" " ind2=" ">
    <subfield code="l">yes</subfield>
  </datafield>
  <datafield tag="920" ind1="1" ind2=" ">
    <subfield code="0">I:(DE-Ds200)HIJ-20110223OR115</subfield>
    <subfield code="k">HIJ</subfield>
    <subfield code="l">HI Jena</subfield>
    <subfield code="x">0</subfield>
  </datafield>
  <datafield tag="980" ind1=" " ind2=" ">
    <subfield code="a">journal</subfield>
  </datafield>
  <datafield tag="980" ind1=" " ind2=" ">
    <subfield code="a">VDB</subfield>
  </datafield>
  <datafield tag="980" ind1=" " ind2=" ">
    <subfield code="a">UNRESTRICTED</subfield>
  </datafield>
  <datafield tag="980" ind1=" " ind2=" ">
    <subfield code="a">I:(DE-Ds200)20120319OR115</subfield>
  </datafield>
  <datafield tag="980" ind1=" " ind2=" ">
    <subfield code="a">I:(DE-Ds200)HIJ-20110223OR115</subfield>
  </datafield>
</record>
</collection>